| 000 | 00495nam a2200145 4500 | ||
|---|---|---|---|
| 008 | 151027b xxu||||| |||| 00| 0 eng d | ||
| 020 | _a9789966251558 | ||
| 050 | _aAFR PR 9381.9 .K546 2002 | ||
| 100 |
_aKimani, Peter _d2002 |
||
| 245 |
_aBefore The Rooster Crows _cPeter Kimani |
||
| 260 |
_aNairobi: _bEast African Educational Publishers, _c2002. |
||
| 300 |
_a174p.: _c20cm. |
||
| 650 | _aEnglish Fiction | ||
| 942 |
_2lcc _cSH_L_BOOKS _hAFR PR 9381.9 .K546 2002 _01 |
||
| 999 |
_c9488 _d9488 |
||